| 000 | 01787 a2200217 4500 | ||
|---|---|---|---|
| 001 | 47414 | ||
| 005 | 20260407155741.0 | ||
| 008 | 260407a1965 arg spa d | ||
| 003 | AR-UNSa-BCEJYS | ||
| 040 |
_aAR-UNSa-BCEJYS _bspa _cAR-UNSa-BCEJYS |
||
| 080 |
_a330.35 _xCrecimiento económico |
||
| 245 | 1 | 0 | _aCapital y Crecimiento |
| 264 | 1 |
_aBarcelona : _bBosch _c1965 |
|
| 300 |
_a383 p. _c22 cm. |
||
| 505 | _aPrimera Parte : MÉTODOS DE ECONOMÍA DINÁMICA : 1. Crecimiento, Dinámica y Estática - 2. El concepto de equilibrio - 3. El método estático en la teoría dinámica - 4. Primitivos "modelos de crecimientos" / Adam Smith y Ricardo - 5. El método de Marshall - 6. El método del equilibrio temporal - 7. El método de Precios Fijos - 8. Stocks y flujos - 9. Un problema de Ajuste de Stocks - 10. Macrodinámica de raíz keynesiana - 11. Macrodinámica de raíz harrodiana -- Segunda Parte : EQUILIBRIO DE CRECIMIENTO : 12. Esbozo del modelo - 13. Elección de la técnica - 14. Muchos bienes de capital - 15. Participación de los factores en el equilibrio de crecimiento - 16. Transición -- Tercera Parte : CRECIMIENTO ÓPTIMO : 17. Tipos de teoría del óptimo - 18. El "equilibrio " de Von Neumann - 19. El teorema del TURNPIKE o de la trayectoria eficiente : su importancia - 20. La frontera intertemporal de la producción - 21. Ahorro óptimo - 22. Interés y crecimiento -- Cuarta Parte : DESPUÉS DE LA TEORÍA DEL CRECIMIENTO : 23. Keynes después de la teoría del crecimiento - 24. La función de producción. | ||
| 942 | _cBK | ||
| 590 | _aniveau_biblio:m niveau_hierar:0 | ||
| 100 | 1 | _aHicks, John Richard | |
| 700 | 1 | _aBosch Domenech, Antonio | |
| 856 | 4 | 1 |
_uhttps://www.biblioeco.unsa.edu.ar/pmb/images/libros/L127495.jpg _yImagen de portada _qimage/jpeg |
| 999 |
_c4353 _d4353 |
||